000 00662nam a2200217Ia 4500
005 20241129105759.0
008 241129s9999||||xx |||||||||||||| ||und||
020 _a978-93-89611-35-9
037 _aTB
040 _aARTS
_beng
_cARTS
041 _aeng
_2eng
084 _aW:5.2 R1
_qARTS
100 _aSahoo Sarbeswar Ed.; Chaney Paul Ed.
_9724709
245 0 _aCivil society and citizenship in India and Bangladesh
_cSahoo Sarbeswar Ed.; Chaney Paul Ed.
260 _aNew Delhi, India
_bNew Bloomsbuiry
_c2021
300 _axiii,169p.
365 _aINR
_b1299
650 _aPolitical Science
942 _cTB
_hW:5.2 R1
999 _c1225904
_d1225904